2000's British Films Screenshots (Part 1: 2000-2004) - Statistics

General Stats
  • This quiz has been taken 201 times
  • The average score is 8 of 16
Answer Stats
Picture Hint Answer % Correct
2000 Chicken Run
96%
2000 Billy Elliot
91%
2002 Bend It Like Beckham
85%
2001 Bridget Jones's Diary
78%
2003 Johnny English
75%
2002 About A Boy
72%
2004 Shaun of The Dead
70%
2003 Calendar Girls
48%
2000 Sexy Beast
40%
2000 Kevin And Perry Go Large
38%
2001 Gosford Park
28%
2001 Iris
28%
2004 Vera Drake
19%
2003 Sylvia
8%
2002 The Magdalene Sisters
8%
2002 Anita And Me
2%
No matching quizzes found
Score Distribution
Percent of People with Each Score
Percentile by Number Answered
Your Score History
You have not taken this quiz